000 00327nam a2200145Ia 4500
100 _aShahani/ D.C.
650 _aElectrical Engineering
942 _cBK
654 _aTelevision
245 _aKnow the television
260 _bPrincipal D.C. Shahani
_aNagpur
_c1980
082 _a621.38
300 _a304
546 _aENGLISH
999 _c26089
_d26089